| 000 | 00783nam a2200193Ia 4500 | ||
|---|---|---|---|
| 999 |
_c39590 _d39590 |
||
| 001 | 6190 | ||
| 003 | GE_BSU | ||
| 005 | 20190628212424.0 | ||
| 008 | 181216s1980|||| |||||||||||||| ||geo|| | ||
| 041 | _ageo | ||
| 080 | _a621.91 გ-74 | ||
| 100 |
_aგოცირიძე, გ. დ. _93122 |
||
| 245 |
_aლითონსაჭრელი ჩარხები / _cგ.დ. გოცირიძე ; რედ : გ. გედევანიშვილი. |
||
| 264 |
_aთბილისი : _bსპი, _c1980. |
||
| 300 |
_a105 გვ .: _bცხრ; ნახაზ. _c19 სმ. |
||
| 653 | _aლითონსაჭრელი ჩარხები | ||
| 700 |
_aგედევანიშვილი, გ _eრედაქტორი _92675 |
||
| 942 |
_cBK _2udc |
||